| 000 | 00620cam a22002291 4500 | ||
|---|---|---|---|
| 001 | sa 65002753 | ||
| 003 | DLC | ||
| 005 | 20260227112118.0 | ||
| 008 | 831226s1964 ii 000 0 hin | ||
| 010 | _asa 65002753 | ||
| 035 | _a(OCoLC)21638884 | ||
| 040 |
_aDLC _cCU _dDLC |
||
| 042 | _apremarc | ||
| 050 | 0 | 0 |
_aPK2095.T8 _bZ94 |
| 100 | 1 | _aVarmā, Satyakāma | |
| 245 | 1 | 0 |
_aYugakavi Tulasī. _cLekhaka Satyakāma Varmā |
| 260 |
_aNaī Dillī, _bBhāratīya Prakāśana _c[1964] |
||
| 300 |
_a128 p. _c19 cm |
||
| 500 | _aIn Hindi | ||
| 504 | _aBibliographical footnotes | ||
| 600 | 0 | 0 |
_aTulasīdāsa, _d1532-1623. |
| 999 |
_c62792 _d62792 |
||